| 000 | 00822cam a2200265 4500 | ||
|---|---|---|---|
| 999 |
_c8286 _d8286 |
||
| 001 | 8286 | ||
| 003 | BD-JhCC | ||
| 005 | 20180220133342.0 | ||
| 008 | 710404s1964 ru ac 001 0 eng | ||
| 035 | _a(BD-JhCC)8286 | ||
| 040 |
_aDLC _cDLC _dDLC _dBD-JhCC |
||
| 041 | 1 | _aengrus | |
| 050 | 0 | 0 |
_aQE363 _b.B3713 |
| 082 | 0 | 0 |
_a549 _bBET 1964 |
| 100 | 1 |
_aBetekhtin, A. G. _q(Anatoliĭ Georgievich) |
|
| 240 | 1 | 0 | _aKurs mineralogii. |
| 245 | 0 | 2 |
_aA course of mineralogy _c[by] A. Betekhtin. Translated from the Russian by V. Agol. Translation editor: A Gurevich. |
| 260 |
_aMoscow, _bPeace Publishers _c[1964] |
||
| 300 |
_a642 p. _billus., ports. _c23 cm. |
||
| 500 | _aAdded t.p. in Russian. | ||
| 500 | _aTranslation of Kurs mineralogii (romanized form) | ||
| 650 | 0 | _aMineralogy. | |
| 942 |
_2ddc _cBK |
||